Harry Potter Zitate 2 - Statistiken

Allgemein
  • Dieses Quiz wurde 24 mal gespielt
  • Das Durchschnittsergebnis liegt bei 7 aus 15
Antwortstatistiken
Hint Antwort % Korrekt
"Ihr seht euch wohl nach einem Traumhaus um" Draco Malfoy
88%
"3 Butterbier. Meins mir ein wenig Ingwer" Hermine Granger
88%
"Seite 394 im Buch" Severus Snape
76%
"Vermutlich hat Neville wieder das Passwort vergessen" Ron Weasley
71%
"Dieser stramme Junge muss dann wohl Cedric sein" Arthur Weasley
65%
"Ich bin Vertrauensschüler" Percy Weasley
65%
"Dumm-krum?" Fred Weasley
59%
"Du bist verliebt Ron" Ginny Weasley
53%
"Quidditch findet immer statt Professor" Oliver Wood
47%
"Was Fudge nicht weiss, macht ihn nicht heiss" Dolores Umbridge
35%
"Longbottom. Der wandelnde Misserfolg" Alastor Moody
18%
"Komm, Zauberstab hoch, Ron" Remus Lupin
18%
"... und eine Seele so dunkel wie sein Name" die fette Dame
12%
"Los weiter feiern, los" Horace Slughorn
6%
"Ich bin niemals alleine" Quirinius Quirrell
6%
Keine übereinstimmenden Quizze gefunden
Verteilung der Resultate
Anzahl Personen mit jedem Resultat
Perzentil nach korrekt beantworteten Fragen
Ihre Resultats-Entwicklung
Sie haben dieses Quiz noch nicht gespielt